| 000 | 00564nam a2200253 a 4500 | ||
|---|---|---|---|
| 001 | Z_4261 | ||
| 003 | CHAP | ||
| 005 | 20230216102828.0 | ||
| 007 | ta | ||
| 008 | 220113s2000 sp rd 001 0 spa d | ||
| 010 | _a167324 | ||
| 040 | _cCHAP | ||
| 082 | _a463 G7 | ||
| 245 | _aGran Diccionario de la lengua española / | ||
| 260 |
_aBarcelona : _bLarousse, _c2000 |
||
| 300 | _a1856 p. | ||
| 503 | _a215569 | ||
| 650 |
_aEspañol _xDiccionarios _9141486 |
||
| 901 | _a463 G7 | ||
| 902 | _aA | ||
| 910 | _a2000 | ||
| 942 |
_cLIBRO _2ddc |
||
| 942 | _2ddc | ||
| 999 |
_c167324 _d167324 |
||